| 000 | 00976nam0a22002651 4500 | ||
|---|---|---|---|
| 001 | rc\2830538 | ||
| 005 | 20250529201310.0 | ||
| 035 | _a(NLR Aleph) 006988509 | ||
| 090 |
_a5603006 _c5603006 |
||
| 100 | _a20110625f19201930|||y0rusy50 ca | ||
| 101 | 0 | _arus | |
| 102 | _aRU | ||
| 105 | _aa z ||||| | ||
| 200 | 1 |
_aЗолотой клюв _e[Кино-проспект] |
|
| 210 |
_a[Москва] _cТеа-кино-печать _dБ. г. _eЛенинград _gгос. тип. изд-ва "Ленингр. правда" |
||
| 215 |
_a8 с. _cил., портр. _d25х17 см |
||
| 300 | _aБез тит. л. Описано по обл. | ||
| 300 | _aОтпечатано в 2 краски | ||
| 300 | _aХуд. оформ.: А. Ушин | ||
| 702 | 1 |
_4570 _7ca _8rus _aУшин _bА. А. _f1903-1942 _gАлексей Алексеевич _9270774 _3RU\NLR\AUTH\770270830 |
|
| 801 | 0 |
_aRU _bNLR _gpsbo |
|
| 801 | 1 |
_aRU _bELAR _2rusmarc |
|
| 852 |
_aNLR _j35/3626 |
||
| 942 | _cBOOK | ||
| 980 | _aNB | ||